| 000 | 02001nab a2200325 a 4500 | ||
|---|---|---|---|
| 005 | 20210219162148.0 | ||
| 008 | 991125s1985 mx 000 0 spa u | ||
| 035 | _aUPN01000198834 | ||
| 049 | _aART-E | ||
| 100 | 1 | _aBenegas Loyo, Diego | |
| 100 | 1 | _ubenegas.loyo@gmail.com | |
| 100 | 1 | _aD'Alessio, Antonella | |
| 100 | 1 | _aColosimo, Ayelén | |
| 222 | _aATHENEA DIGITAL : REVISTA DE PENSAMIENTO E INVESTIGACION SOCIAL | ||
| 245 | _a“Hoy cumplirías años”: recordatorios en los diarios, tácticas de afecto y memoria en la esfera pública postdictadura | ||
| 260 | _aEspaña | ||
| 300 | _a147-169 | ||
| 362 | 0 | _a2014 Vol. 14, no. 2 | |
| 520 | 3 | _aLuego de la caída de la última dictadura argentina, la memoria colectiva del terrorismo de estado ha sido central en las discusiones en la esfera pública. La publicación en diarios de avisos recordatorios de los detenidos desaparecidos es parte de este conflicto. Estudiamos esta práctica analizando un caso particular: los anuncios publicados en el diario Página 12 de la Ciudad de Buenos Aires entre 1988 y 2013. Con un corpus de 120 anuncios, ampliado con entrevistas a participantes, analizamos su discurso y estrategias performativas y proponemos hipótesis sobre sus funciones, efectos afectivos, sociales, y políticos, y la forma en que estas tácticas se relacionan con otras militancias de la memoria. Estos recordatorios homenajean, piden información, y testimonian la vida de los desaparecidos, operando sobre el trauma social del terrorismo de estado. Socializan una búsqueda de justicia y materializan la voluntad política de un proyecto compartido de sociedad. | |
| 653 | 0 | _aARGENTINA | |
| 653 | 0 | _aMEMORIA COLECTIVA | |
| 653 | 0 | _aDICTADURA | |
| 653 | 0 | _aTRAUMA | |
| 856 | 4 | _uhttp://atheneadigital.net/article/view/v14-n2-benegas/pdf | |
| 905 | _aArticulo | ||
| 336 | _atexto$2rdacontent | ||
| 337 | _acomputadora$2rdamedia | ||
| 338 | _arecurso en linea$2rdacarrier | ||
| 999 |
_c170935 _d170935 |
||